A transformational grammar of Spanish /

Bibliographic Details
Main Author: Hadlich, Roger L.
Format: Book
Language:English
Published: Englewood Cliffs, N.J. : Prentice-Hall, [1971]
Subjects:

MARC

Tag First Indicator Second Indicator Subfields
LEADER 00000cam a2200000 4500
001 in00000214549
005 20151009055136.0
008 711201s1971 njua b 00010 eng
010 |a  77132172  
035 |a (OCoLC)00176938 
035 |9 AAX0015AM 
040 |c CAU  |d OCL  |d TXA  |d UtOrBLW 
049 |a TXAM  |c [1145070] 
090 |a PC4112  |b .H28 
100 1 |a Hadlich, Roger L. 
245 1 2 |a A transformational grammar of Spanish /  |c [by] Roger L. Hadlich. 
264 1 |a Englewood Cliffs, N.J. :  |b Prentice-Hall,  |c [1971] 
300 |a ix, 253 pages :  |b illlus. ;  |c 23 cm. 
336 |a text  |b txt  |2 rdacontent 
337 |a unmediated  |b n  |2 rdamedia 
338 |a volume  |b nc  |2 rdacarrier 
504 |a Bibliography: pages 244-246. 
650 0 |a Spanish language  |x Grammar, Generative. 
999 |a MARS 
999 f f |s 891ac445-e176-3575-90e6-81e1f2b5b12c  |i 79ed47a5-3a68-3c34-a3a2-acd0829a96cd  |t 0 
952 f f |p ric  |a Texas A&M University  |b Rellis Campus  |c Joint Library Facility  |s JLF  |d Remote Storage  |t 0  |e PC4112 .H28  |h Library of Congress classification  |i unmediated -- volume  |m A14803569775 
998 f f |a PC4112 .H28  |t 0  |l Remote Storage